000 00266nam a22001097a 4500
008 170118b xxu||||| |||| 00| 0 eng d
020 _a9780071364225
041 _aeng
080 _a618.2
245 _aFIRST AID FOR THE SURGERY CLERKSHIP
_cSTEAD, L.G
942 _2udc
_cBK
999 _c3103
_d3103